[Event "European Rapid Championship 2021"]
[Site "Katowice"]
[Date "2021.12.18"]
[Round "6.12"]
[White "Szczurek, Krzysztof"]
[Black "Druckenthaner, Andreas"]
[Result "1-0"]
[WhiteElo "2086"]
[BlackElo "2291"]
[Annotator "NA"]
[PlyCount "77"]
[EventDate "2021.12.18"]
[EventType "swiss"]
[EventCountry "POL"]
[SourceTitle "playchess.com"]
[Source "ChessBase"]
[SourceQuality "1"]
[TimeControl "900+10"]

1. e4 {[%emt 0:00:02]} e5 {[%emt 0:00:01]} 2. Nf3 {[%emt 0:00:02]} Nc6 {
[%emt 0:00:01]} 3. Bc4 {[%emt 0:00:02]} Bc5 {[%emt 0:00:03]} 4. c3 {[%emt 0:00:
01]} Nf6 {[%emt 0:00:02]} 5. d3 {[%emt 0:00:02]} d6 {[%emt 0:00:03]} 6. Bb3 {
[%emt 0:00:02]} Bb6 {[%emt 0:00:06]} 7. Nbd2 {[%emt 0:00:04]} Ne7 {[%emt 0:00:
06]} 8. Nf1 {[%emt 0:00:03]} Ng6 {[%emt 0:00:03]} 9. Ng3 {[%emt 0:00:02]} Bg4 {
[%emt 0:00:24]} 10. h3 {[%emt 0:00:19]} Be6 {[%emt 0:00:02]} 11. Be3 {[%emt 0:
00:09]} O-O {[%emt 0:00:20]} 12. O-O {[%emt 0:00:27]} Qd7 {[%emt 0:00:22]} 13.
d4 {[%emt 0:01:46]} Bxb3 {[%emt 0:00:04]} 14. Qxb3 {[%emt 0:00:16]} exd4 {
[%emt 0:00:23]} 15. cxd4 {[%emt 0:00:31]} Rfe8 {[%emt 0:00:02]} 16. Nd2 {
[%emt 0:00:17]} c6 {[%emt 0:01:10]} 17. Rad1 {[%emt 0:00:26]} Rab8 {[%emt 0:00:
34]} 18. f4 {[%emt 0:00:24]} Ne7 {[%emt 0:00:22]} 19. f5 {[%emt 0:00:50]} h6 {
[%emt 0:00:21]} 20. Kh1 {[%emt 0:00:58]} Nc8 {[%emt 0:00:50]} 21. Qd3 {[%emt 0:
00:30]} Qe7 {[%emt 0:00:22]} 22. Rde1 {[%emt 0:00:23]} Ba5 {[%emt 0:00:19]} 23.
Bf4 {[%emt 0:00:08]} Bxd2 {[%emt 0:00:09]} 24. Qxd2 {[%emt 0:00:03]} Nb6 {
[%emt 0:00:46]} 25. b3 {[%emt 0:00:17]} Rbd8 {[%emt 0:00:09]} 26. Qc1 {[%emt 0:
00:21]} Nbd7 {[%emt 0:00:28]} 27. e5 {[%emt 0:00:29]} dxe5 {[%emt 0:00:27]} 28.
dxe5 {[%emt 0:00:08]} Nd5 {[%emt 0:00:03]} 29. f6 {[%emt 0:01:24]} Qc5 {
[%emt 0:00:28]} 30. Qd2 {[%emt 0:00:43]} Nxf4 {[%emt 0:01:04]} 31. Qxf4 {
[%emt 0:00:09]} g5 {[%emt 0:01:01]} 32. Qg4 {[%emt 0:00:49]} Rxe5 {[%emt 0:01:
28]} 33. Rd1 {[%emt 0:00:12]} Rd5 {[%emt 0:00:14]} 34. Rxd5 {[%emt 0:00:06]}
cxd5 {[%emt 0:00:09]} 35. Nf5 {[%emt 0:00:52]} Qb5 {[%emt 0:04:17]} 36. Nxh6+ {
[%emt 0:01:27]} Kf8 {[%emt 0:01:19]} 37. Rf5 {[%emt 0:00:52]} Ke8 {[%emt 0:01:
39]} 38. Qxg5 {[%emt 0:00:27]} Nf8 {[%emt 0:00:09]} 39. Re5+ {[%emt 0:00:05]}
1-0

[Event "European Rapid Championship 2021"]
[Site "Katowice"]
[Date "2021.12.18"]
[Round "6.13"]
[White "Balog, Imre"]
[Black "Mikhaletz, Lubomir"]
[Result "1-0"]
[WhiteElo "2629"]
[BlackElo "2166"]
[Annotator "TA"]
[PlyCount "159"]
[EventDate "2021.12.18"]
[EventType "swiss"]
[EventCountry "POL"]
[SourceTitle "playchess.com"]
[Source "ChessBase"]
[SourceQuality "1"]

{[%evp 9,159,0,7,3,6,11,1,2,21,11,4,6,9,11,5,14,44,-22,-18,-37,-40,-58,-58,-62,
-58,-44,66,64,65,67,238,49,175,165,189,183,245,249,190,57,53,47,54,57,109,98,
91,41,44,48,53,17,50,43,105,77,84,89,97,58,47,50,44,45,279,210,319,271,251,258,
244,181,212,170,191,140,434,420,425,427,421,361,292,186,174,180,158,158,238,
233,234,245,253,144,144,0,144,117,257,188,237,144,144,144,151,158,286,286,249,
145,256,149,149,166,253,214,9983,10066,8414,8483,5193,11767,1236,1242,12725,
2275,10345,10261,8793,7417,3064,2178,29965,5973,29974,29975,29975,29976,29975,
29977,29978,29979,29979,29979,29979,29980,29982,29981,29980,29978,29980,29971]
} 1. d4 d5 2. Nf3 c6 3. c4 Nf6 4. Qc2 g6 5. Bf4 dxc4 6. Qxc4 {D11: Slav
Defence: 3 Nf3 sidelines and 3...Nf6 4 e3 Bg4.} Be6 7. Qc1 {7.Qc2 might become
the main line.} Bg7 8. Nc3 {[#] The position is equal.} Nd5 $146 ({Predecessor:
} 8... O-O 9. e3 Nbd7 10. h3 c5 11. Be2 Rc8 12. O-O cxd4 13. exd4 Nd5 14. Bd2
N7b6 {0-1 (73) Oganian,M (2435)-Motylev,A (2661) Sochi 2018}) 9. Bh6 Bxh6 10.
Qxh6 Nxc3 11. bxc3 Qa5 {[%csl LRa2,LRc3]} 12. Qd2 Bd5 13. Ne5 (13. c4 $14 Qxd2+
14. Nxd2) 13... f6 $11 14. Nd3 {[%cal Oe2e4]} Nd7 15. f3 e5 16. Rb1 O-O-O 17.
Qb2 {[%csl Gb1][%cal Rb2b7]} b5 (17... Nb6 $15 18. Kf2 Rhe8) 18. e4 $14 Bf7 (
18... Bxa2 $2 19. Ra1 $18) 19. Nb4 Kc7 (19... Qb6 $14) 20. Be2 $2 (20. a4 $1
$18 {[%cal Ra4b5]}) 20... c5 (20... Nb6 $14) 21. dxc5 $18 Nxc5 22. O-O Qb6 (
22... Rb8 $142 23. Rfc1 Qb6) 23. Kh1 (23. Nd5+ $2 Bxd5 24. Qxb5 Bxa2 $19) 23...
a5 {[#]} 24. Nd5+ (24. Qc1 $1 $18) 24... Bxd5 $14 25. exd5 Rxd5 26. Bxb5 Rhd8 (
{Better is} 26... Qd6 $14) 27. Qa3 $1 $16 Rb8 28. Bd3 Qa7 $14 29. Rxb8 Kxb8 30.
Bc4 Rd2 31. Rb1+ Kc7 (31... Kc8 $1 $14) 32. Qc1 $16 Nd3 33. Bxd3 (33. Qxd2 $2
Nf2+ 34. Qxf2 Qxf2 $19) 33... Rxd3 {[%mdl 4096] Endgame KQR-KQR} 34. Qh6 Rd7 {
Prevents Qg7.} 35. h3 $36 {[%mdl 2048] Qf8 is the strong threat. White is more
active.} Qc5 {To avoid Qf8} 36. Qh4 f5 (36... Qc6 $14) 37. c4 Qd4 (37... Kc6 {
was worth a try.} 38. Qf6+ Qd6) 38. Qe1 {[%cal Oc4c5]} Kd8 39. Qxa5+ Ke7 40. c5
Qd2 41. Qb6 {Black must now prevent c6.} Qc2 42. Re1 ({White should try} 42.
Kh2 $18) 42... Rd1 $2 {[%mdl 8192]} (42... Qc3 $16 43. Rb1 Qc2) 43. Qc7+ $18
Kf8 44. Qxe5 Rxe1+ 45. Qxe1 Qxc5 {KQ-KQ} 46. Qa1 Kf7 47. a4 Qa5 48. Qd4 g5 (
48... h5 $16 49. Kh2 Qc7+ 50. f4 h4) 49. Qc4+ Kf6 {[#]} 50. Qc6+ $1 Kf7 51.
Qd7+ (51. Qb5 $18 Qe1+ 52. Kh2) 51... Kf6 $16 52. Qd4+ ({Reject} 52. Qxh7 $6
Qe1+ 53. Kh2 Qe5+ 54. g3 Qe2+ 55. Kg1 Qe1+ 56. Kh2 Qf2+ 57. Kh1 Qxf3+ 58. Kh2
Qe2+ 59. Kh1 Qe4+ 60. Kg1 Qd4+ 61. Kh2 (61. Kf1 Qc4+ 62. Kg2 Qc2+ 63. Kh1 Qc6+
64. Kh2 Qc2+ 65. Kg1 Qd1+ 66. Kh2 Qe2+ 67. Kh1 Qe4+ 68. Kh2 Qe2+ $11) 61...
Qf2+ 62. Kh1 Qxg3 $11) ({White should play} 52. Qd6+ $16 Kf7 53. f4) 52... Kg6
(52... Kf7 $1 $11 {keeps the balance.}) 53. Kg1 {White is more active.} Qe1+ (
53... Qc7 $16 54. Qb4 Qc1+ 55. Kf2 Qc2+ 56. Kg3 Qc7+ 57. f4 h6) 54. Kh2 $18 {
Hoping for Qb6+.} Qa5 (54... Qe7 $142 55. f4 gxf4) 55. f4 gxf4 56. Qxf4 h6 57.
h4 {[%cal Bh3h4,Bh4h5][%mdl 32]} Kh5 (57... Kg7 $16 {was necessary.} 58. h5 Qd5
59. Qc7+ Kf8) 58. Kh3 {g4+ would kill now.} Kg6 {[#]} 59. Qd6+ (59. h5+ $1 $18
Kg7 60. Qd6) 59... Kg7 (59... Kf7 $16) 60. Qd7+ (60. h5 $18) 60... Kf6 $16 61.
Qc6+ Kg7 (61... Ke7 {was called for.} 62. Qc4 (62. Qxh6 Qc3+ 63. g3 Qf3 $16)
62... Qe5) 62. h5 $18 {Threatens to win with Qg6+.} Qe5 $2 (62... Kf7 63. Qxh6
Qc3+ 64. g3 Qf3 65. Qg6+ Kf8) 63. Qg6+ Kf8 64. Qxh6+ Ke7 65. Qg5+ Ke6 66. Qg3
Qa1 67. Qg6+ Ke7 68. Qxf5 {White wants to mate with Qe4+.} Qh1+ 69. Kg3 {
Intending Qe4+ and mate.} Qe1+ 70. Kg4 {White threatens h6 and mate.} Qe2+ 71.
Qf3 (71. Kh4 $142 Qe1+ 72. g3 Qh1+ 73. Kg5 Qc1+ 74. Qf4 Qc5+ 75. Kh4 Kd7 76. h6
Qe7+ 77. Qg5) 71... Qc4+ 72. Qf4 {White mates.} Qe2+ 73. Kg3 Qe1+ 74. Kh2 Qd1
75. h6 Qh5+ 76. Kg3 Qg6+ 77. Kh3 Qe6+ 78. Kh4 Qe1+ 79. Kg5 Qa5+ 80. Kg4 {
Weighted Error Value: White=0.28 (precise) /Black=0.49} 1-0

[Event "European Rapid Championship 2021"]
[Site "Katowice"]
[Date "2021.12.18"]
[Round "6.13"]
[White "Balacek, Tadeas"]
[Black "Lewtak, Dominik"]
[Result "0-1"]
[WhiteElo "2354"]
[BlackElo "2165"]
[Annotator "NA"]
[PlyCount "66"]
[EventDate "2021.12.18"]
[EventType "swiss"]
[EventCountry "POL"]
[SourceTitle "playchess.com"]
[Source "ChessBase"]
[SourceQuality "1"]
[TimeControl "900+10"]

1. d4 {[%emt 0:00:03]} d5 {[%emt 0:00:01]} 2. c4 {[%emt 0:00:01]} c6 {[%emt 0:
00:03]} 3. Nf3 {[%emt 0:00:02]} Nf6 {[%emt 0:00:02]} 4. Nc3 {[%emt 0:00:02]} e6
{[%emt 0:00:02]} 5. g3 {[%emt 0:00:01]} Nbd7 {[%emt 0:00:10]} 6. Bg2 {[%emt 0:
00:02]} Bb4 {[%emt 0:00:03]} 7. O-O {[%emt 0:00:04]} O-O {[%emt 0:00:03]} 8.
Qb3 {[%emt 0:00:42]} a5 {[%emt 0:00:23]} 9. a3 {[%emt 0:01:28]} Bxc3 {[%emt 0:
00:40]} 10. Qxc3 {[%emt 0:00:04]} b5 {[%emt 0:00:08]} 11. c5 {[%emt 0:00:31]}
Ne4 {[%emt 0:00:17]} 12. Qc2 {[%emt 0:00:03]} f6 {[%emt 0:00:17]} 13. Nd2 {
[%emt 0:01:03]} Nxd2 {[%emt 0:00:18]} 14. Bxd2 {[%emt 0:00:02]} e5 {[%emt 0:00:
02]} 15. e4 {[%emt 0:00:01]} Nb8 {[%emt 0:02:51]} 16. exd5 {[%emt 0:03:25]}
cxd5 {[%emt 0:00:02]} 17. Qb3 {[%emt 0:00:01]} Bb7 {[%emt 0:00:07]} 18. Qxb5 {
[%emt 0:00:05]} Ba6 {[%emt 0:00:13]} 19. Qb3 {[%emt 0:00:57]} Bc4 {[%emt 0:00:
05]} 20. Qc2 {[%emt 0:01:45]} Bxf1 {[%emt 0:00:06]} 21. Rxf1 {[%emt 0:00:06]}
Nc6 {[%emt 0:00:15]} 22. dxe5 {[%emt 0:00:32]} fxe5 {[%emt 0:00:04]} 23. Qb3 {
[%emt 0:00:14]} Ne7 {[%emt 0:00:55]} 24. Bg5 {[%emt 0:00:25]} Rb8 {[%emt 0:01:
16]} 25. Qa2 {[%emt 0:01:17]} Kh8 {[%emt 0:00:05]} 26. Rd1 {[%emt 0:01:28]} Qc7
{[%emt 0:01:53]} 27. Bxe7 {[%emt 0:03:32]} Qxe7 {[%emt 0:00:02]} 28. Rxd5 {
[%emt 0:00:02]} Rfc8 {[%emt 0:00:21]} 29. Qc4 {[%emt 0:00:54]} Rxb2 {[%emt 0:
00:05]} 30. Be4 {[%emt 0:00:02]} Qf6 {[%emt 0:00:34]} 31. f3 {[%emt 0:00:31]}
Qh6 {[%emt 0:00:15]} 32. Bc2 {[%emt 0:00:22]} Qe3+ {[%emt 0:00:07]} 33. Kg2 {
[%emt 0:00:01]} Qc1 {[%emt 0:00:08]} 0-1

[Event "European Rapid Championship 2021"]
[Site "Katowice"]
[Date "2021.12.18"]
[Round "6.14"]
[White "Flasinski, Michal"]
[Black "Bernadskiy, Vitaliy"]
[Result "0-1"]
[WhiteElo "2195"]
[BlackElo "2616"]
[Annotator "TA"]
[PlyCount "62"]
[EventDate "2021.12.18"]
[EventType "swiss"]
[EventCountry "POL"]
[SourceTitle "playchess.com"]
[Source "ChessBase"]
[SourceQuality "1"]

{[%evp 9,62,6,23,6,22,20,23,26,56,43,65,1,36,35,37,32,33,27,39,16,11,22,34,2,
13,0,3,-5,0,-15,-3,-12,0,-8,-8,-3,-5,-30,-20,-42,-37,-40,-18,-18,-21,-27,-19,
-23,-20,-27,-30,-101,-90,-529,-522]} 1. d4 g6 2. Nf3 Bg7 3. g3 c5 4. c3 Qa5 5.
Bg2 cxd4 6. Nxd4 {A40: Unusual replies to 1 d4.} Nf6 (6... Nc6 $5 {[%cal Rc6d4]
}) 7. O-O {[#]} d5 $146 ({Predecessor:} 7... Nc6 8. Na3 O-O 9. Be3 Qh5 10. Nac2
Ng4 11. h3 Nxe3 12. Nxe3 e6 13. Nec2 Qc5 {½-½ (72) Ruck,R (2515)-Lenic,L 
(2657) Slovenia 2018}) 8. Bg5 {White has an edge.} O-O 9. Nb3 Qa6 10. N1d2 (10.
Bxf6 $14 Bxf6 11. Qxd5 (11. Bxd5 Qb6 $11)) 10... Nbd7 11. e4 dxe4 12. Nxe4 ({
Much weaker is} 12. Bxe4 Nxe4 13. Nxe4 Ne5 $17) 12... Nxe4 13. Bxe4 e5 14. Qd3
(14. Bg2 {is more complex.} Nf6 15. Re1 Re8 16. Nc5 Qb6 17. b4) 14... Qxd3 15.
Bxd3 h6 16. Be3 Nf6 17. Rfe1 b6 18. Rad1 Be6 19. Bf1 Rad8 20. f3 Nd5 {[%cal
Bf6d5,Bd5e7,Be7c6][%mdl 32]} 21. Bf2 Ne7 22. Nc1 {[%cal Bb3c1,Bc1d3,Bd3f4]
[%mdl 32]} h5 23. a3 Nc6 24. Nd3 Bb3 25. Rc1 Bd5 26. f4 exf4 27. Nxf4 Bb3 28.
Bg2 Ne5 29. Bd4 Rfe8 30. Bxe5 (30. Bb7 $11) 30... Rxe5 $17 31. Be4 $2 {[%mdl
8192] [#]} (31. Rxe5 $17 {is more resistant.} Bxe5 32. Re1) 31... Rde8 {
Weighted Error Value: White=0.49/Black=0.05 (flawless)} 0-1

[Event "European Rapid Championship 2021"]
[Site "Katowice"]
[Date "2021.12.18"]
[Round "6.14"]
[White "Kacprzak, Karol"]
[Black "Kyc, Jerzy"]
[Result "0-1"]
[WhiteElo "2038"]
[BlackElo "2308"]
[Annotator "NA"]
[PlyCount "96"]
[EventDate "2021.12.18"]
[EventType "swiss"]
[EventCountry "POL"]
[SourceTitle "playchess.com"]
[Source "ChessBase"]
[SourceQuality "1"]
[TimeControl "900+10"]

1. Nf3 {[%emt 0:00:21]} c5 {[%emt 0:00:03]} 2. c4 {[%emt 0:00:52]} Nf6 {
[%emt 0:00:03]} 3. Nc3 {[%emt 0:00:11]} g6 {[%emt 0:00:01]} 4. e4 {[%emt 0:00:
25]} Bg7 {[%emt 0:00:14]} 5. d4 {[%emt 0:00:03]} cxd4 {[%emt 0:00:01]} 6. Nxd4
{[%emt 0:00:02]} O-O {[%emt 0:00:09]} 7. Be2 {[%emt 0:00:11]} d6 {[%emt 0:00:
25]} 8. Be3 {[%emt 0:00:08]} Nc6 {[%emt 0:00:01]} 9. O-O {[%emt 0:00:04]} Nxd4
{[%emt 0:00:07]} 10. Bxd4 {[%emt 0:00:17]} Be6 {[%emt 0:00:12]} 11. Qd2 {
[%emt 0:00:29]} Qa5 {[%emt 0:00:03]} 12. Rfd1 {[%emt 0:00:09]} Rfc8 {[%emt 0:
01:21]} 13. b3 {[%emt 0:00:44]} a6 {[%emt 0:00:13]} 14. f3 {[%emt 0:01:14]} Nd7
{[%emt 0:02:10]} 15. Rac1 {[%emt 0:01:10]} Bxd4+ {[%emt 0:00:12]} 16. Qxd4 {
[%emt 0:00:02]} b5 {[%emt 0:00:58]} 17. cxb5 {[%emt 0:03:27]} axb5 {[%emt 0:00:
03]} 18. b4 {[%emt 0:00:02]} Qa3 {[%emt 0:01:12]} 19. Bxb5 {[%emt 0:02:28]} Ne5
{[%emt 0:00:03]} 20. f4 {[%emt 0:01:41]} Nc6 {[%emt 0:00:07]} 21. Qd2 {[%emt 0:
01:26]} Nxb4 {[%emt 0:00:21]} 22. f5 {[%emt 0:00:11]} Qa7+ {[%emt 0:00:33]} 23.
Kh1 {[%emt 0:00:03]} Bxa2 {[%emt 0:03:11]} 24. Nxa2 {[%emt 0:02:25]} Nxa2 {
[%emt 0:00:07]} 25. Rxc8+ {[%emt 0:00:10]} Rxc8 {[%emt 0:00:01]} 26. Ra1 {
[%emt 0:00:01]} Qc5 {[%emt 0:00:41]} 27. Ba6 {[%emt 0:00:48]} Qc1+ {[%emt 0:00:
04]} 28. Rxc1 {[%emt 0:00:01]} Rxc1+ {[%emt 0:00:02]} 29. Qxc1 {[%emt 0:00:01]}
Nxc1 {[%emt 0:00:06]} 30. Bc4 {[%emt 0:00:06]} gxf5 {[%emt 0:00:02]} 31. exf5 {
[%emt 0:00:01]} Kg7 {[%emt 0:00:04]} 32. Kg1 {[%emt 0:00:04]} Kf6 {[%emt 0:00:
06]} 33. Kf2 {[%emt 0:00:02]} e6 {[%emt 0:00:01]} 34. fxe6 {[%emt 0:00:07]}
fxe6 {[%emt 0:00:01]} 35. Ke3 {[%emt 0:00:12]} d5 {[%emt 0:00:03]} 36. Bb5 {
[%emt 0:00:06]} Nb3 {[%emt 0:00:08]} 37. Bd3 {[%emt 0:00:02]} h6 {[%emt 0:00:
02]} 38. Bc2 {[%emt 0:00:35]} Na5 {[%emt 0:00:33]} 39. Kd4 {[%emt 0:00:06]}
Nc6+ {[%emt 0:00:06]} 40. Kc5 {[%emt 0:00:05]} Ne5 {[%emt 0:00:05]} 41. h3 {
[%emt 0:00:12]} Nc4 {[%emt 0:00:09]} 42. Bd3 {[%emt 0:00:22]} Ne3 {[%emt 0:00:
07]} 43. g3 {[%emt 0:00:04]} Ke5 {[%emt 0:00:09]} 44. h4 {[%emt 0:00:12]} Nf5 {
[%emt 0:00:06]} 45. Kc6 {[%emt 0:00:29]} Nxg3 {[%emt 0:00:05]} 46. Kd7 {
[%emt 0:00:01]} d4 {[%emt 0:00:13]} 47. Ke7 {[%emt 0:00:01]} Nf5+ {[%emt 0:00:
02]} 48. Kf7 {[%emt 0:00:02]} Nxh4 0-1

[Event "European Rapid Championship 2021"]
[Site "Katowice"]
[Date "2021.12.18"]
[Round "6.15"]
[White "Wisniewski, Adrian"]
[Black "Hasterok, Mateusz"]
[Result "1/2-1/2"]
[WhiteElo "2351"]
[BlackElo "2132"]
[Annotator "NA"]
[PlyCount "106"]
[EventDate "2021.12.18"]
[EventType "swiss"]
[EventCountry "POL"]
[SourceTitle "playchess.com"]
[Source "ChessBase"]
[SourceQuality "1"]
[TimeControl "900+10"]

1. e4 {[%emt 0:00:02]} c5 {[%emt 0:00:01]} 2. Nf3 {[%emt 0:00:02]} e6 {[%emt 0:
00:01]} 3. c3 {[%emt 0:00:01]} Qa5 {[%emt 0:00:03]} 4. Bc4 {[%emt 0:00:28]} b5
{[%emt 0:00:02]} 5. Bb3 {[%emt 0:00:01]} Bb7 {[%emt 0:00:04]} 6. d3 {[%emt 0:
00:05]} Nf6 {[%emt 0:00:17]} 7. O-O {[%emt 0:00:10]} Be7 {[%emt 0:00:10]} 8.
Bg5 {[%emt 0:00:15]} d6 {[%emt 0:00:09]} 9. Nbd2 {[%emt 0:00:25]} Nbd7 {
[%emt 0:00:10]} 10. Qe2 {[%emt 0:00:26]} h6 {[%emt 0:00:47]} 11. Bh4 {[%emt 0:
00:08]} g5 {[%emt 0:01:29]} 12. Bg3 {[%emt 0:00:02]} Nh5 {[%emt 0:00:02]} 13.
d4 {[%emt 0:01:10]} Qb6 {[%emt 0:01:08]} 14. a4 {[%emt 0:04:33]} a6 {[%emt 0:
01:06]} 15. axb5 {[%emt 0:00:03]} axb5 {[%emt 0:00:02]} 16. Rxa8+ {[%emt 0:00:
02]} Bxa8 {[%emt 0:00:01]} 17. Ra1 {[%emt 0:00:38]} Bb7 {[%emt 0:00:40]} 18. e5
{[%emt 0:00:28]} Nxg3 {[%emt 0:00:19]} 19. hxg3 {[%emt 0:00:03]} dxe5 {[%emt 0:
00:20]} 20. dxe5 {[%emt 0:03:11]} g4 {[%emt 0:01:25]} 21. Nh2 {[%emt 0:01:02]}
h5 {[%emt 0:00:04]} 22. Bc2 {[%emt 0:00:05]} c4 {[%emt 0:00:46]} 23. Nhf1 {
[%emt 0:02:49]} h4 {[%emt 0:02:20]} 24. Be4 {[%emt 0:00:01]} hxg3 {[%emt 0:00:
08]} 25. Nxg3 {[%emt 0:00:08]} Bh4 {[%emt 0:01:25]} 26. Bxb7 {[%emt 0:00:29]}
Qxb7 {[%emt 0:00:25]} 27. Nde4 {[%emt 0:00:01]} Ke7 {[%emt 0:00:36]} 28. Qe3 {
[%emt 0:01:03]} Qd5 {[%emt 0:00:31]} 29. Nf6 {[%emt 0:01:21]} Qxe5 {[%emt 0:00:
46]} 30. Nxg4 {[%emt 0:00:01]} Qxe3 {[%emt 0:00:25]} 31. Nxe3 {[%emt 0:00:01]}
Bxg3 {[%emt 0:00:13]} 32. fxg3 {[%emt 0:00:01]} Rg8 {[%emt 0:00:26]} 33. Kf2 {
[%emt 0:00:01]} Nc5 {[%emt 0:00:06]} 34. Ra7+ {[%emt 0:00:02]} Kf6 {[%emt 0:00:
08]} 35. Kf3 {[%emt 0:00:11]} Nd3 {[%emt 0:00:12]} 36. Ng4+ {[%emt 0:00:07]}
Kg7 {[%emt 0:00:10]} 37. Rb7 {[%emt 0:00:04]} Nxb2 {[%emt 0:00:14]} 38. Rxb5 {
[%emt 0:00:02]} Nd3 {[%emt 0:00:02]} 39. Rb7 {[%emt 0:00:04]} Ra8 {[%emt 0:00:
59]} 40. Rc7 {[%emt 0:00:03]} Kg6 {[%emt 0:00:15]} 41. Ke3 {[%emt 0:00:25]} f5
{[%emt 0:00:40]} 42. Rxc4 {[%emt 0:00:32]} Nb2 {[%emt 0:00:23]} 43. Rb4 {
[%emt 0:00:37]} Nd1+ {[%emt 0:00:14]} 44. Kd2 {[%emt 0:00:01]} Rd8+ {[%emt 0:
00:01]} 45. Rd4 {[%emt 0:00:02]} Rxd4+ {[%emt 0:01:27]} 46. cxd4 {[%emt 0:00:
01]} fxg4 {[%emt 0:00:01]} 47. Kxd1 {[%emt 0:00:01]} Kf5 {[%emt 0:00:01]} 48.
Kd2 {[%emt 0:00:05]} Ke4 {[%emt 0:00:01]} 49. Kc3 {[%emt 0:00:01]} Ke3 {
[%emt 0:00:02]} 50. Kc4 {[%emt 0:00:04]} Kf2 {[%emt 0:00:39]} 51. Kc5 {[%emt 0:
00:12]} Kxg3 {[%emt 0:00:02]} 52. Kd6 {[%emt 0:00:01]} Kxg2 {[%emt 0:00:01]}
53. Kxe6 {[%emt 0:00:01]} Kf2 {[%emt 0:00:04]} 1/2-1/2

[Event "European Rapid Championship 2021"]
[Site "Katowice"]
[Date "2021.12.18"]
[Round "6.15"]
[White "Rudnicki, Milosz"]
[Black "Andersen, Mads"]
[Result "0-1"]
[WhiteElo "2200"]
[BlackElo "2574"]
[Annotator "ChessBase"]
[PlyCount "64"]
[EventDate "2021.12.18"]
[EventType "swiss"]
[EventCountry "POL"]
[SourceTitle "playchess.com"]
[Source "ChessBase"]
[SourceQuality "1"]
[TimeControl "900+10"]

1. d4 {[%emt 0:00:02]} d5 {[%emt 0:00:04]} 2. Bf4 {[%emt 0:00:02]} c5 {[%emt 0:
00:04]} 3. e3 {[%emt 0:00:04]} Nc6 {[%emt 0:00:03]} 4. c3 {[%emt 0:00:02]} Bf5
{[%emt 0:00:11]} 5. Nd2 {[%emt 0:00:06]} e6 {[%emt 0:00:15]} 6. a4 {[%emt 0:00:
03]} cxd4 {[%emt 0:00:38]} 7. exd4 {[%emt 0:00:10]} Nge7 {[%emt 0:00:06]} 8.
Ngf3 {[%emt 0:00:37]} f6 {[%emt 0:01:19]} 9. Be2 {[%emt 0:02:32]} g5 {[%emt 0:
00:41]} 10. Bg3 {[%emt 0:01:43]} h5 {[%emt 0:00:06]} 11. h3 {[%emt 0:00:03]}
Ng6 {[%emt 0:01:45]} 12. Qb3 {[%emt 0:00:37]} Rh7 {[%emt 0:00:31]} 13. O-O-O {
[%emt 0:01:07]} Rc8 {[%emt 0:00:50]} 14. Nf1 {[%emt 0:03:34]} Na5 {[%emt 0:03:
27]} 15. Qa2 {[%emt 0:01:06]} h4 {[%emt 0:01:36]} 16. Bh2 {[%emt 0:00:06]} Qb6
{[%emt 0:01:09]} 17. Bd3 {[%emt 0:00:17]} Bxd3 {[%emt 0:00:23]} 18. Rxd3 {
[%emt 0:00:03]} Bd6 {[%emt 0:00:02]} 19. Re3 {[%emt 0:01:23]} Re7 {[%emt 0:00:
53]} 20. Bxd6 {[%emt 0:00:59]} Qxd6 {[%emt 0:00:02]} 21. N1h2 {[%emt 0:00:01]}
Nc4 {[%emt 0:00:19]} 22. Re2 {[%emt 0:00:40]} Nf4 {[%emt 0:00:05]} 23. Rc2 {
[%emt 0:01:00]} Nxg2 {[%emt 0:00:11]} 24. Kb1 {[%emt 0:00:10]} Kf7 {[%emt 0:00:
30]} 25. Qb3 {[%emt 0:00:44]} Rc6 {[%emt 0:00:18]} 26. Nd2 {[%emt 0:00:41]} Nf4
{[%emt 0:01:15]} 27. Ng4 {[%emt 0:00:14]} Kg7 {[%emt 0:00:06]} 28. Nxc4 {
[%emt 0:00:22]} dxc4 {[%emt 0:00:15]} 29. Qb5 {[%emt 0:00:03]} a6 {[%emt 0:00:
28]} 30. Qa5 {[%emt 0:00:05]} Qd5 {[%emt 0:00:27]} 31. Qb4 {[%emt 0:00:21]}
Qxh1+ {[%emt 0:00:04]} 32. Rc1 {[%emt 0:00:01]} Qe4+ {[%emt 0:00:01]} 0-1